<?xml version='1.0' encoding='UTF-8'?>
  <record xmlns="http://www.loc.gov/MARC21/slim">
    <leader>00000cem a22000007i 4500</leader>
    <controlfield tag="001">ocn940505740</controlfield>
    <controlfield tag="003">OCoLC</controlfield>
    <controlfield tag="005">20250925060159.5</controlfield>
    <controlfield tag="007">aj canzn</controlfield>
    <controlfield tag="008">160222s1907    ne        a     1   dut d</controlfield>
    <datafield tag="040" ind1=" " ind2=" ">
      <subfield code="a">NLGGC</subfield>
      <subfield code="b">eng</subfield>
      <subfield code="e">rda</subfield>
      <subfield code="e">dcrmc</subfield>
      <subfield code="c">NLGGC</subfield>
      <subfield code="d">QGJ</subfield>
      <subfield code="d">OCLCQ</subfield>
      <subfield code="d">QGJ</subfield>
    </datafield>
    <datafield tag="034" ind1="1" ind2=" ">
      <subfield code="a">a</subfield>
      <subfield code="b">6000</subfield>
    </datafield>
    <datafield tag="035" ind1=" " ind2=" ">
      <subfield code="a">(OCoLC)940505740</subfield>
    </datafield>
    <datafield tag="084" ind1=" " ind2=" ">
      <subfield code="a">74.20</subfield>
      <subfield code="2">bcl</subfield>
    </datafield>
    <datafield tag="245" ind1="0" ind2="0">
      <subfield code="a">Platte grond der stad Utrecht /</subfield>
      <subfield code="c">lith. v B. Brouwer &amp; Co. Utr.</subfield>
    </datafield>
    <datafield tag="246" ind1="3" ind2=" ">
      <subfield code="a">Plattegrond der stad Utrecht</subfield>
    </datafield>
    <datafield tag="246" ind1="3" ind2="4">
      <subfield code="a">Nieuwe platte grond van Utrecht</subfield>
    </datafield>
    <datafield tag="246" ind1="3" ind2="4">
      <subfield code="a">Nieuwe plattegrond van Utrecht</subfield>
    </datafield>
    <datafield tag="250" ind1=" " ind2=" ">
      <subfield code="a">Drie en twintigste druk.</subfield>
    </datafield>
    <datafield tag="255" ind1=" " ind2=" ">
      <subfield code="a">Scale 1:6,000.</subfield>
    </datafield>
    <datafield tag="264" ind1=" " ind2="1">
      <subfield code="a">Te Utrecht :</subfield>
      <subfield code="b">Uitgave van P.J. Diehl,</subfield>
      <subfield code="c">1907.</subfield>
    </datafield>
    <datafield tag="300" ind1=" " ind2=" ">
      <subfield code="a">1 map:</subfield>
      <subfield code="b">color ;</subfield>
      <subfield code="c">58 x 74 cm, on sheet 67 x 78,5 cm, folded to 28 x 17 cm</subfield>
    </datafield>
    <datafield tag="336" ind1=" " ind2=" ">
      <subfield code="a">cartographic image</subfield>
      <subfield code="b">cri</subfield>
      <subfield code="2">rdacontent</subfield>
    </datafield>
    <datafield tag="337" ind1=" " ind2=" ">
      <subfield code="a">unmediated</subfield>
      <subfield code="b">n</subfield>
      <subfield code="2">rdamedia</subfield>
    </datafield>
    <datafield tag="338" ind1=" " ind2=" ">
      <subfield code="a">sheet</subfield>
      <subfield code="b">nb</subfield>
      <subfield code="2">rdacarrier</subfield>
    </datafield>
    <datafield tag="500" ind1=" " ind2=" ">
      <subfield code="a">Cover title: Nieuwe platte grond van Utrecht, met volledige nauwkeurig samengestelde lijsten van straten, pleinen, grachten, bruggen, merkwaardige gebouwen, hotels, restauraties, café's, stoombooten, tramways, diligences enz.</subfield>
    </datafield>
    <datafield tag="500" ind1=" " ind2=" ">
      <subfield code="a">Street name register (and other information), and advertisemens on verso.</subfield>
    </datafield>
    <datafield tag="500" ind1=" " ind2=" ">
      <subfield code="a">"Prijs 75 cent."</subfield>
    </datafield>
    <datafield tag="510" ind1="0" ind2=" ">
      <subfield code="a">Donkersloot-de Vrij, Kaarten van Utrecht, nr. 46 (23)</subfield>
    </datafield>
    <datafield tag="651" ind1=" " ind2="0">
      <subfield code="a">Utrecht (Netherlands)</subfield>
      <subfield code="v">Maps.</subfield>
    </datafield>
    <datafield tag="710" ind1="2" ind2=" ">
      <subfield code="a">P.J. Diehl (Utrecht)</subfield>
      <subfield code="4">pbl</subfield>
    </datafield>
    <datafield tag="710" ind1="2" ind2=" ">
      <subfield code="a">B. Brouwer &amp; Co. (Utrecht)</subfield>
      <subfield code="4">ltg</subfield>
    </datafield>
  </record>